000 00979nam a22002657a 4500
003 OSt
005 20220819091529.0
008 100322s2020 dr 000 0 spa d
020 _a9789945094626
040 _aDO-SdBNP
_bspa
_cBNPHU
082 4 _a601
_bS232e
_222
100 1 _aSantana Soriano, Edwin
_937920
245 1 0 _aÉtica, tecnología y sociedad :
_bpautas para la comprensión de nuestra actualidad
_cEdwin Santana Soriano
260 _aSanto Domingo :
_bConocimiento para todos,
_c2020.
300 _a178 p. :
_c21 cm.
500 _aIncluye datos biográficos del autor en la contracubierta
504 _aBibliografía : p. : 168-178
590 _aInventariado, 2021/ YL
590 _aLa biblioteca posee un (1) ejemplar autografiado por el autor.
650 4 _aTecnología
_xFilosofía
_982176
650 4 _aTecnología
_xAspectos sociales
_982177
650 4 _aTecnología y ética
_982178
910 _aYL/Validado. Control de calidad MFF
942 _2ddc
_cLBS1
999 _c49589
_d49589